| 000 | 00834nam a2200241 a 4500 | ||
|---|---|---|---|
| 001 | 000009716 | ||
| 003 | OSt | ||
| 005 | 20240412074212.0 | ||
| 008 | 091001s1989 dr a r 000 p spa d | ||
| 040 |
_aDO-SdBNP _bspa _cBNPHU |
||
| 082 |
_aRD861.44 _bC117e |
||
| 100 | 1 |
_aCabral Billini, Aquiles _924617 |
|
| 245 | 1 | 0 |
_aDel edén peraviano : _bdécimas / _cAquiles Cabral Billini ; prólogo Huchi Lora ; edición Atala Cabral de Poladura. |
| 260 |
_aBaní, República Dominicana : _bIntergrafic, _c1989. |
||
| 300 |
_a92 p. : _bil. ; _c21 cm. |
||
| 590 | _aInventariado, 2019/BT | ||
| 650 | 4 |
_aPoesía popular dominicana _924618 |
|
| 650 | 0 |
_aLiteratura dominicana. _967 |
|
| 700 | 1 |
_aCabral de Poladura, Atala, _eed. _924619 |
|
| 700 | 1 |
_aLora, Huchi, _epról. _919605 |
|
| 910 | _aValidado. Control de calidad MFF | ||
| 942 |
_2ddc _cLBS1 |
||
| 999 |
_c9476 _d9476 |
||